000 00634cam a2200193 4500500
005 20260405004124.0
041 _afre
042 _adc
100 1 0 _aAckah-Miezan, Virgile
_eauthor
245 0 0 _aDeleuze et la littérature, de Proust à Kafka
260 _c2024.
500 _a81
690 _aDeleuze
690 _aKafka
690 _aMarcel Proust
690 _aSacher-Masoch
786 0 _nPhilosophie magazine - Hors séries | Hors série - Hiver 2024-2025 | HS63 | 2024-12-01 | p. 23-23 | 2104-9246
856 4 1 _uhttps://shs.cairn.info/magazine-philosophie-magazine-2024-hs63-page-23?lang=fr&redirect-ssocas=7080
999 _c2073930
_d2073930